000 01463nam0a2200337 4500
001 RU\NLR\bibl\553774
005 20260406041005.0
010 _a5-9524-1053-7
_96000
021 _aRU
_b2004-47997
_92366
035 _a(NLR Aleph) 000545932
090 _a1442244
_c1442244
100 _a20040917d2004 |||y0rusy50 ca
101 1 _arus
_ceng
102 _aRU
105 _aa |||||||||
200 1 _aТеатральная улица
_dThe Theatre street
_eВоспоминания
_fТамара Карсавина
_g[Пер. с англ. И.Э. Балод]
_zeng
210 _aМ.
_cЦентрполиграф
_d2004
215 _a317, [2] с., [4] л. ил.
_d20
300 _aАвт. также на англ. яз.: Tamara Karsavina
510 0 _aThe Theatre street
_zeng
600 1 _aКарсавина
_bТ.П.
_f1885 - 1978
_gТамара Платоновна
_jВоспоминания, записки и т.п.
_91259320
_3RU\NLR\auth\66516784
606 0 _aБалет русский
_jВоспоминания, записки и т.п.
_z19 - 20 вв.
_91076774
_3RU\NLR\auth\66101550
686 _aЩ335.423(2Р=Рус)53,1
686 _aЩ335.423(2Р=Рус)53-86Карсавина
700 1 _4070
_8rus
_7ca
_aКарсавина
_bТ.П.
_f1885-1978
_gТамара Платоновна
_3RU\NLR\auth\771464
_9111489
801 0 _aRU
_bNLR
_c20040917
_gPSBO
801 1 _aRU
_bNLR
_c20040917
942 _cBOOK
980 _aNB